| Tag |
First Indicator |
Second Indicator |
Subfields |
| LEADER |
00000cam a2200000 4500 |
| 001 |
in00000099988 |
| 005 |
20150926125643.0 |
| 008 |
720127s1971 ohua 00010 eng |
| 010 |
|
|
|a 78181600
|
| 035 |
|
|
|a (OCoLC)00238902
|
| 035 |
|
|
|9 AAL4152AM
|
| 037 |
|
|
|c $3.00
|
| 040 |
|
|
|a DLC
|c DLC
|d TXA
|d UtOrBLW
|
| 049 |
|
|
|a TXAM
|c [717502]
|
| 050 |
0 |
0 |
|a TP812
|b .B37
|
| 082 |
0 |
|
|a 666/.4/2
|
| 100 |
1 |
|
|a Behrens, Richard Herman,
|d 1895-
|
| 245 |
1 |
0 |
|a Glaze projects ;
|b a formulary of leadless glazes /
|c by Richard Behrens.
|
| 264 |
|
1 |
|a Columbus, Ohio :
|b Professional Publications,
|c [1971]
|
| 300 |
|
|
|a 64 pages :
|b illustrations ;
|c 28 cm.
|
| 336 |
|
|
|a text
|b txt
|2 rdacontent
|
| 337 |
|
|
|a unmediated
|b n
|2 rdamedia
|
| 338 |
|
|
|a volume
|b nc
|2 rdacarrier
|
| 490 |
1 |
|
|a A CM handbook
|
| 650 |
|
0 |
|a Glazes.
|
| 730 |
0 |
|
|a Ceramics monthly.
|
| 830 |
|
0 |
|a CM handbook.
|
| 999 |
|
|
|a MARS
|
| 999 |
f |
f |
|s e3256862-d355-362e-b056-af48a3816edc
|i b052aa3e-cc01-318e-96e3-6d62752a0a66
|t 0
|
| 952 |
f |
f |
|p ric
|a Texas A&M University
|b Rellis Campus
|c Joint Library Facility
|d Remote Storage
|t 0
|e TP812 .B37
|h Library of Congress classification
|i unmediated -- volume
|m A14805615718
|
| 998 |
f |
f |
|a TP812 .B37
|t 0
|l Remote Storage
|